[Event "Gibraltar Amateur op-B"]
[Site "Caleta"]
[Date "2019.01.30"]
[Round "5"]
[White "Cordero Infante, Ivan"]
[Black "Valladolid Martin, Francisco Jose"]
[Result "1-0"]
[WhiteElo "1417"]
[BlackElo "1878"]
[PlyCount "106"]
[EventDate "2019.01.26"]
[EventType "swiss"]
[EventRounds "5"]
[EventCountry "GGB"]
[SourceTitle "EXT 2021"]
[Source "ChessBase"]
[SourceDate "2020.10.23"]
[SourceVersion "1"]
[SourceVersionDate "2020.10.23"]
[SourceQuality "1"]

1. e4 e5 2. Nf3 Nc6 3. Bc4 Bc5 4. c3 Nf6 5. d3 h6 6. 0-0 0-0 7. b4 Bb6 8. Nbd2 d6 9. h3 Ne7 10. Re1 Ng6 11. Nf1 Be6 12. Bb3 Qd7 13. Be3 Nf4 14. Bxf4 exf4 15. Qd2 g5 16. N1h2 Bxh3 17. gxh3 Qxh3 18. e5 dxe5 19. Nxe5 g4 20. d4 f3 21. Nexf3 gxf3 22. Nxf3 Qxf3 23. Qxh6 Qg4+ 24. Kf1 Qg7 25. Qh3 Rfe8 26. a4 a5 27. b5 c6 28. bxc6 bxc6 29. Rxe8+ Rxe8 30. Re1 Rxe1+ 31. Kxe1 Qg1+ 32. Ke2 Qg4+ 33. Qxg4+ Nxg4 34. Kf3 Nf6 35. Kf4 Kf8 36. f3 Ke7 37. Ke5 Bc7+ 38. Kf5 Nd5 39. c4 Nf4 40. Ke4 Kf6 41. d5 c5 42. Bd1 Be5 43. Bc2 Ne2 44. Ke3 Nd4 45. Bd1 Kg5 46. Ke4 Bd6 47. Ke3 Kf5 48. Be2 Nxe2 49. Kxe2 Kf4 50. Kf2 f5 51. Ke2 Kg3 52. Ke3 Be5 53. Ke2 f4 1-0

[Event "Gibraltar Amateur op-B"]
[Site "Caleta"]
[Date "2019.01.26"]
[Round "1"]
[White "Butusina, Samuel"]
[Black "Valladolid Martin, Francisco Jose"]
[Result "0-1"]
[WhiteElo "1688"]
[BlackElo "1878"]
[PlyCount "58"]
[EventDate "2019.01.26"]
[EventType "swiss"]
[EventRounds "5"]
[EventCountry "GGB"]
[SourceTitle "CBM 188 Extra"]
[Source "ChessBase"]
[SourceDate "2019.02.28"]
[SourceVersion "1"]
[SourceVersionDate "2019.02.28"]
[SourceQuality "1"]

1. b4 e5 2. Bb2 Bxb4 3. Bxe5 Nf6 4. Nc3 0-0 5. Bxf6 Qxf6 6. Nd5 Qd6 7. Nxb4 Qxb4 8. Nf3 d5 9. e3 Qe7 10. c4 Be6 11. Qc2 c5 12. Bd3 h6 13. 0-0 Nc6 14. a3 Rfd8 15. cxd5 Bxd5 16. Be2 b6 17. Rfd1 Na5 18. Qc3 Rac8 19. Ne1 Bb3 20. Nc2 Rc6 21. Rdb1 Ba4 22. Bb5 Bxb5 23. Rxb5 Qd7 24. Rd1 Rd6 25. Rxc5 bxc5 26. Qxa5 Rxd2 27. Rc1 Rd1+ 28. Rxd1 Qxd1+ 29. Ne1 Qd2 0-1

[Event "Gibraltar Amateur op-B"]
[Site "Caleta"]
[Date "2017.01.31"]
[Round "4"]
[White "Sandhya, Goli"]
[Black "Valladolid Martin, Francisco Jose"]
[Result "1/2-1/2"]
[WhiteElo "1745"]
[BlackElo "1897"]
[PlyCount "130"]
[EventDate "2017.01.28"]
[EventType "swiss"]
[EventRounds "5"]
[EventCountry "GGB"]
[SourceTitle "EXT 2018"]
[Source "ChessBase"]
[SourceDate "2017.10.13"]
[SourceVersion "1"]
[SourceVersionDate "2017.10.13"]
[SourceQuality "1"]

1. e4 e5 2. Nf3 Nc6 3. Bc4 Bc5 4. 0-0 Nf6 5. d3 h6 6. c3 d6 7. Bb3 Bg4 8. Be3 Bb6 9. h3 Bh5 10. Nbd2 g5 11. Bxb6 axb6 12. Qc2 g4 13. hxg4 Bxg4 14. Rfe1 Ne7 15. d4 Ng6 16. dxe5 dxe5 17. Re3 h5 18. Ne1 h4 19. f3 Bd7 20. Nd3 Nh5 21. Kf2 Qg5 22. Rg1 Qg3+ 23. Ke2 h3 24. Nf1 h2 25. Rh1 Qxg2+ 26. Nf2 Nhf4+ 27. Kd1 Nh3 28. Rxh2 Qxf1+ 29. Re1 Nxf2+ 30. Rxf2 Qh3 31. Kc1 Be6 32. Qd3 Ke7 33. Qb5 Bxb3 34. Qb4+ Kf6 35. Qxb3 Qe6 36. c4 Rhd8 37. a3 Nf4 38. Rh2 Rd4 39. Rh6+ Ng6 40. Kb1 Qxc4 41. Qe3 Qd3+ 42. Ka2 Qxe3 43. Rxe3 Rad8 44. Rc3 c5 45. Rb3 R8d6 46. Rb5 Rd3 47. a4 Rxf3 48. a5 Re3 49. axb6 Rxe4 50. Rxc5 Rxb6 51. Rh7 Rc6 52. Rd5 Rd4 53. Rb5 b6 54. Rb3 e4 55. Re3 Ke6 56. Rh6 Ke5 57. Rh5+ f5 58. Rb3 Rd3 59. Rb5+ Rc5 60. Rxb6 Nf4 61. Rh8 e3 62. Re8+ Kd4 63. Rb4+ Rc4 64. Rb5 Nd5 65. Rd8 Ke4 1/2-1/2

[Event "Benidorm op U2000 06th"]
[Site "Benidorm"]
[Date "2007.??.??"]
[Round "2"]
[White "Buscaglia, Claudio"]
[Black "Valladolid Martin, Francisco Jose"]
[Result "1-0"]
[WhiteElo "1990"]
[BlackElo "1950"]
[PlyCount "53"]
[EventDate "2007.11.??"]
[EventType "swiss"]
[EventRounds "9"]
[EventCountry "ESP"]
[SourceTitle "EXT 2010"]
[Source "ChessBase"]
[SourceDate "2010.11.25"]
[SourceVersion "1"]
[SourceVersionDate "2010.11.25"]
[SourceQuality "1"]

1. e4 c5 2. d3 Nc6 3. f4 g6 4. Nf3 Bg7 5. Be2 e6 6. c3 d5 7. 0-0 Nge7 8. Be3 d4 9. cxd4 Nxd4 10. Nc3 Nec6 11. e5 Bf8 12. Ne4 Be7 13. Nfd2 b6 14. Nc4 Nf5 15. Bf2 h6 16. Bf3 Bb7 17. a4 Nb4 18. Ned6+ Nxd6 19. exd6 Bxf3 20. dxe7 Qxd3 21. Qxf3 Qxf3 22. gxf3 Nd3 23. Bh4 f6 24. Bxf6 Rg8 25. Nd6+ Kd7 26. e8Q+ Raxe8 27. Nxe8 1-0